000 01201nam a2200313 a 4500
001 000048089
003 DO-SdBNP
005 20260305073959.0
007 ta
008 181114e2017 dr ac gr 000 e spa d
020 _a9789945004410
040 _aDO-SdBNP
_bspa
_cBNPHU
082 4 _a972.93
_bG984h 2017
_222
100 1 _aGutiérrez Félix, Euclides,
_d1936-
_95673
245 1 0 _aHaití y la República Dominicana un origen y dos destinos :
_bensayos históricos /
_cEuclides Gutiérrez Félix ; edición: Cándido Gerón ; prólogo: Manuel Núñez.
250 _a3a. ed. corregida y ampliada
260 _aSanto Domingo :
_bCorripio,
_c2017.
300 _a506 p. :
_bil., mapas, retrs. ;
_c23 cm.
500 _aIncluye datos biográficos del autor en las solapas
590 _aInventariado, 2018/MFF
651 4 _aRepública Dominicana
_xHistoria
_9170
651 4 _aHaití
_xHistoria
_98418
651 4 _aRepública Dominicana
_xRelaciones
_zHaití
_95153
651 4 _aHaití
_xRelaciones
_zRepública Dominicana
_92614
700 1 2 _aGerón, Candido,
_d1948-
_eed.
_93577
700 1 2 _aNúñez, Manuel,
_d1957-
_epról.
_92366
910 _aValidado. Control de calidad MFF
942 _2ddc
_cLBS1
999 _c47577
_d47577